| Поле | Название | Значение |
| |
Тип записи |
a |
| |
Библиографический уровень |
a |
| 001 |
Контрольный номер |
RU/CBS_UL/BASE/cdbd59bd32a64335a9c1da8f203d95a0 |
| 005 |
Дата корректировки |
20260404180059.5 |
| 100 |
Данные общей обработки |
__ |
| a |
Данные общей обработки |
20260404 ||| 0rusy0189 ca |
| 101 |
Язык документа |
0_ |
| a |
Язык текста |
rus |
| 102 |
Страна публикации |
__ |
| a |
Страна публикации |
RU |
| 200 |
Заглавие и сведения об ответственности |
1_ |
| a |
Заглавие |
Михаил Кокшенов. Самый обаятельный и привлекательный |
| e |
Сведения, относящиеся к заглавию |
[о жизни и творчестве актёра М. Кокшенова] |
| f |
Первые сведения об ответственности |
И. Фомина |
| 300 |
Общие примечания |
__ |
| a |
Общие примечания |
16+ |
| 461 |
Уровень набора |
_0 |
| 1 |
|
2000 |
| a |
|
Коллекция КАРАВАН историй |
| 463 |
Уровень физической единицы |
_0 |
| 1 |
|
2000 |
| a |
|
№ 3 |
| v |
|
С. 128-140 : фот., ил. |
| 1 |
|
2101 |
| d |
|
2026 |
| 1 |
|
001RU/CBS_UL/BASE/b61a408878ed4e6dbe90fcf0b44df0ab |
| 600 |
Персоналии |
_1 |
| a |
Персоналии (Фамилия) |
Кокшенов |
| b |
Персоналии (Имя, инициалы) |
М.М. |
| 606 |
Тематические рубрики |
0_ |
| a |
Основная рубрика |
Кокшенов, Михаил Михайлович (1936-2020) |
| 610 |
Ключевые слова |
0_ |
| a |
Ключевые слова |
актёры советские, актёры российские, актёры театра, актёры кино, актёры телевидения, актёры озвучивания, кинорежиссёры, сценаристы, кинопродюсеры, народные артисты Российской Федерации |
| 686 |
Индексы других классификаций |
__ |
| 2 |
Код системы |
rubbk |
| a |
Классификационный индекс |
85.374(2) |
| 700 |
Автор |
_1 |
| a |
Фамилия |
Фомина |
| b |
Имя (инициалы) |
И. |
| 801 |
Источник записи |
_0 |
| a |
Страна |
RU |
| b |
Организация |
МБУК ЦБС г. Ульяновска |
| c |
Дата составления |
20260404 |
| g |
Правила каталогизации |
RCR |
| 801 |
Источник записи |
_1 |
| a |
Страна |
RU |
| b |
Организация |
МБУК ЦБС г. Ульяновска |
| c |
Дата составления |
20260404 |
| g |
Правила каталогизации |
RCR |
| 901 |
Тип документа |
__ |
| t |
Тип документа |
b |
| w |
Контрольный № источника |
RU/CBS_UL/BASE/b61a408878ed4e6dbe90fcf0b44df0ab |
| 909 |
Создатель записи |
__ |
| a |
Создатель записи |
lib1 |